00640nam a2200217Ia 450000500170000000800410001702000230005804000190008104100120010008200180011224500580013025000410018826000480022930000140027744000390029163000140033065000210034465100210036570000250038685000110041120240217110931.0131103s9999 xx 000 0 und d a8176290106cRs 280 aLoreto College aEnglish a370.954 bAUR aSri Aurobindo Ghose, b cEdited by Verinder Grover aA biography of his vision and ideas  aNew DelhibDeep and Deep Publicationsc1998 axix,606p  aPolitical Thinkers of Modern India aEducation aGhose, Aurobindo aEducation, India aGrover, Verinder, ed aLCLIB